Aktivizácia ľudského činiteľa v stratégii urýchlenia

Bibliographic Details
Main Author: Stračár, Vladislav, 1933- (Author)
Format: Article
Language:Slovak
PhysicalDescription:Tb. 1.
Subjects:

MARC

LEADER 00000nab a2200000 a 4500
001 vtls000320329
003 SK-MaSNL
005 20260303182252.0
008 111202c1987 xo 0 slo
015 |a SNBRA19rr/mm-uuuuu 
035 |a CL0320451 
040 |a SNKBUCL  |b slo  |c SNKBUCL  |e AACR2 
041 0 |a slo 
044 |a xo  |c SK 
080 |a 338.2(437)  |2 1981 
100 1 |a Stračár, Vladislav,  |d 1933-  |4 aut  |9 238735 
245 1 0 |a Aktivizácia ľudského činiteľa v stratégii urýchlenia  |c Vladislav Stračár 
300 |b Tb. 1. 
650 0 7 |a mechanizmus hospodársky  |2 snkbucl  |9 385380 
650 0 7 |a ČSSR  |2 snkbucl  |9 335647 
655 7 |a články zo zborníkov  |2 snkbucl  |9 166140 
773 0 |t Aktuálne problémy prestavby hospodárskeho mechanizmu  |d Bratislava : Vysoká škola ekonomická, 1987  |g S. 161-174 
850 |a Slovenská národná knižnica v Martine  |a MTA001 
852 |a SNK  |b KIS3GCP 
958 |a RK 
992 |a RZB 
999 |c 2116329  |d 2118259